000 00354nam a22001457a 4500
020 _a81-86247-28-9
041 _aENG
100 _aGanapathy.P.M
245 _aBamboo Panel Boards a State of the Art Review ( Technical Report.12 )AR
260 _aNew Delhi
_bINBAR
_c1998
300 _a115
650 _aFS
700 _aMing.Z.U,Zoolagud.S.S
856 _uFS
999 _c798
_d798